El Salvador 1964 (aparece en lo fundamental del informe del V congreso del PCS, marzo 1964)

Saved in:
Bibliographic Details
Corporate Author: Partido Comunista de El Salvador
Format: Text
Published: San Salvador: El Partido
Tags: Add Tag
No Tags, Be the first to tag this record!

MARC

LEADER 00000 a a2200000 04500
001 16588
003
040
090 |a EXTRAVIADO  
110 |a Partido Comunista de El Salvador  
245 |a El Salvador 1964 (aparece en lo fundamental del informe del V congreso del PCS, marzo 1964)  
260 |a San Salvador:   |b El Partido  
300 |a 13 p.  
999 |c 10494  |d 10494